Регионална библиотека "Любен Каравелов" - Русе

Кристин (Запис номер 157594)

MARC детайли
000 -Лидер
Контролно поле с фиксирана дължина 01393nam a2200361 c 4500
003 - Код на организацията, давaща контролен номер
Контролно поле BLK
005 - Дата и час на последна редакция
Контролно поле 20241210150907.0
008 - Елементи от данни с фиксирана дължина
fixed length control field 180410b bul|||||r ||||||| ||bul||
010 ## - Наследен системен номер
LC control number KNG00164542000
020 ## - Международен стандартен номер на книга ISBN
Международен стандартен номер на книга ISBN 978-619-157-083-6
-- издат.: Ибис
040 ## - Източник на каталожния запис
Идентификатор на билиотеката - собственик на записа BLK
041 ## - Код за език
Код за езика на текст/звукозапис или на отделно заглавие Български
Код за езика КДБФ Български
072 #7 - Код за тематичната категория
Код организация bullib
Код за тематична категория Н83
Текст Чужда художествена литература Н
080 ## - УДК
Текстов определител УДК Американска литература (на САЩ)
УДК код - определител по УДК 821.111(73)
УДК определител -312.4
УДК - код + определител 821.111(73)-312.4
100 ## - Редна дума - Автор
Автор Кинг, Стивън
R(LIN) 371799
139 ## - Редно поле
Редна дума Кинг, Стивън
Авторски знак Кин - К 54
245 10 - Сведения за заглавието
Заглавие Кристин
Подзаглавни данни Роман
Редно поле (дума) Стивън Кинг; прев. от англ. Весела Богомилова Прошкова.
257 ## - Страна на издаване
Страна на създаване/издаване Съединени американски щати
260 ## - Област на издателските данни
-- София
Име на издателя, разпространителя и проч. Ибис
Година на издаване 2014
Печатница София : Симолини
300 ## - Физическа характеристика
Страници 591 с.
Размери/Мащаб 21 см
380 ## - Жанр
Жанр Худож. лит.
500 ## - Общи забележки
Забележка 1. изд. 1993 на изд. Плеяда в 2 кн. - Ориг. загл. Christine / Stephen King.
653 ## - Ключова дума – ненормативна
Ключова дума хорър
653 ## - Ключова дума – ненормативна
Ключова дума романи
659 ## - Тематичен бюлетин
Тематичен бюлетин Н
700 ## - Други автори (авторска отговорност)
Лично име Прошкова, Весела Богомилова
Дати, свързани с автора 1950-
9 (RLIN) 365223
852 ## - Местоположение
Форматна сигнатура Цб 270539
856 4# - Електронен адрес и достъп
Електронен формат pdf - файл
Път до файла /url/
856 4# - Електронен адрес и достъп
Електронен формат pdf - файл
Път до файла /url/
942 ## - АРТИКУЛИ
Вид на библиотечния материал Книги
Скрит в OPAC Не
Koha issues (borrowed), all copies 14
944 ## - СЪЗДАВАНЕ И РЕДАКЦИЯ на ЗАПИСА
Създаване/Редакция Създаване
Дата на регистрацията/редакция 01.09.2014
Статус, дата на статуса Цветелина Шанова
Служител, извършил регистрацията/редакцията 30531
944 ## - СЪЗДАВАНЕ И РЕДАКЦИЯ на ЗАПИСА
Създаване/Редакция Редакция
Дата на регистрацията/редакция 29.04.2015
Статус, дата на статуса ф /
Служител, извършил регистрацията/редакцията Пенка_Димитрова
999 ## - СИСТЕМНИ КОНТРОЛНИ НОМЕРА
Koha biblionumber 157594
Koha biblioitemnumber 157594
Наличности
Код за отписване Код за изгубен артикул Източник на класификационната схема Код за повреда Коз за рестрикции Код за отдаване Артикулен № Име на библиотеката - собственик Име на библиотеката, в която се намира в момента Статус (Текущо местоположение) Дата на вписване в системата Местоположение - отдел Цена в лева Инвентарен номер Систематично азбучна сигнатура Баркод Номер на екземпляра Цена в евро Служебна бележка Служебен тип на артикула
  Не е изгубен Universal Decimal Classification Не е повреден без рестрикции заемане за дома 263957 Регионална библиотека "Любен Каравелов" Русе Регионална библиотека "Любен Каравелов" Русе Количка 2014-09-02 Заемна - подръчен фонд 16.90 120000780056 П 820(73)-31/К 54 120000780056 1 8.64 Дост: Pk Вид: Ф N: 410 Дата: 01.09.2014 Дата инв: 17.02.2018 Бележки инв: П2018 Книги
  Не е изгубен   Не е повреден без рестрикции ползва се в читалня 263958 Регионална библиотека "Любен Каравелов" Русе Регионална библиотека "Любен Каравелов" Русе Хранилище 2015-04-30 Хранилище 16.90 120000787739 Цб 270539 120000787739 2 8.64 Дост: Dp Вид: Д N: 44 Дата: 08.10.2014 Книги
Vip Innovations Ltd, Rousse, Bulgaria 2025